| 000 | 00726nam a2200217 a 4500 | ||
|---|---|---|---|
| 005 | 20240910063745.0 | ||
| 008 | 991125 2000 000 0 spa u | ||
| 020 | _a9870000266 | ||
| 035 | _aUPN01000017728 | ||
| 049 | _aCG | ||
| 050 | 4 |
_aBF175.5 F4.5 _bE8.3 |
|
| 245 | 0 | 0 |
_aEscenarios femeninos : _bdiálogos y controversias / _ccoord. Alcira Mariam Alizade. |
| 260 |
_aBuenos Aires : _bLumen, _c2000. |
||
| 300 | _a327 p. | ||
| 500 | _aEn la portada : "IPA-COWAP Comité Mujeres y Psicoanálisis de la Asociación Psicoanalítica Internacional" | ||
| 650 | 2 |
_aFeminidad _917919 |
|
| 650 | 4 |
_aMujeres _xPsicología _95910 |
|
| 650 | 4 |
_aFeminismo _98967 |
|
| 700 | 1 |
_aAlizade, Alcira Mariam _ecoord. _928701 |
|
| 905 | _aLibro | ||
| 999 |
_c17728 _d17728 |
||